| 000 | 00419nam a2200181Ia 4500 | ||
|---|---|---|---|
| 000 | 00746ngmaa2200277 a 4500 | ||
| 003 | RNL | ||
| 006 | g||||fr|||| a0| fz | ||
| 007 | hj bfb|||baap | ||
| 008 | 090707b ii f a fnsan d | ||
| 040 | _aeng | ||
| 100 | _aSidhu, Ajmer | ||
| 245 | _aShayad Rammi Mann Jaye Te hor Kahaniyan | ||
| 260 | _aPatiala, | ||
| 260 | _bGracious Books | ||
| 260 | _c2016 | ||
| 942 | _cBK | ||
| 999 |
_c26275 _d26275 |
||